Charakteristika, cíle a problémy interkulturní komunikace
Pôvod a použitie termínu komunikácia. Klasifikácia komunikácie. Zmena pojmu "intersociálna" na "interkultúrna". Stereotypy a kultúrne štandarty.
Enregistré dans:
| Auteur principal: | |
|---|---|
| Format: | Chapitre de livre |
| Langue: | tchèque |
| Sujets: | |
| Tags: |
Pas de tags, Soyez le premier à ajouter un tag!
|
MARC
| LEADER | 00000naa$a2200000$$$4500 | ||
|---|---|---|---|
| 001 | 0055001 | ||
| 005 | 20231116103730.0 | ||
| 041 | 0 | |a cze | |
| 044 | |a CZ | ||
| 245 | 1 | 0 | |a Charakteristika, cíle a problémy interkulturní komunikace |c Dana Niklesová |
| 520 | |a Pôvod a použitie termínu komunikácia. Klasifikácia komunikácie. Zmena pojmu "intersociálna" na "interkultúrna". Stereotypy a kultúrne štandarty. | ||
| 610 | 2 | 0 | |a komunikácia multikultúrna |
| 610 | 2 | 0 | |a komunikácia sociálna |
| 610 | 2 | 0 | |a komunikácia interpersonálna |
| 610 | 2 | 0 | |a jazyky cudzie |
| 610 | 2 | 0 | |a kultúra |
| 100 | 1 | |a Niklesová, Dana | |